Thơ văn Trúc Khê ( Ngô Văn Triện ); T1

Spremljeno u:
Bibliografski detalji
Glavni autor: Trúc Khê
Format: Knjiga
Jezik:Undetermined
Izdano: H. Văn Học 1997
Teme:
Oznake: Dodaj oznaku
Bez oznaka, Budi prvi tko označuje ovaj zapis!
Thư viện lưu trữ: Trung tâm Học liệu Trường Đại học Cần Thơ
LEADER 00490nam a2200181Ia 4500
001 CTU_53170
008 210402s9999 xx 000 0 und d
020 |b 33000 
082 |a 895.922 
082 |b Tr506/T1 
100 |a Trúc Khê 
245 0 |a Thơ văn Trúc Khê ( Ngô Văn Triện ); T1 
245 0 |c Trúc Khê 
260 |a H. 
260 |b Văn Học 
260 |c 1997 
650 |a vietnamese literature 
980 |a Trung tâm Học liệu Trường Đại học Cần Thơ